• 首页
  • 本馆介绍
  • 公告通知
  • 最新文献
  • 馆藏检索
  • 电子资源
  • 读者导购
  • 参考咨询
  • 我的图书馆
  • 登录
  • 详细信息显示
  • 放入我的书架
  • 预约/预借图书
  • 作者相关作品
  • 分类相关作品
  • 丛书相关作品
  • 出版社相关作品

书目信息

  • 表格格式
  • 工作单格式
  • 卡片格式
书名: Experimental organic chemistry
作者: Charles F. Wilcox, Jr.
分册号:
分册名:
出版地: New York :
 
出版社: Macmillan
出版时间: c1988.
页数: xix, 491 p. :
开本: 24 cm.
丛书名:
中图分类号:
科图分类号:
其他分类号: O62-33
主题词:
电子资源:
000 00793nam 2200241I1 4504
001 E0758882757
005 20070301162449.59
008 030624s1988 nyua b 00110 eng
010    @a87014625
020    @a0024276200.
040    @aDLC@cDLC@dCWR
050 00 @aQD261@b.W497 1988
082 0  @a547/.0028 @2 19
090    @aP440.36/W27
090    @aO62-33
099    @dO62-33@ex9
100 1  @aWilcox, Charles F.,@d1930-
245 10 @aExperimental organic chemistry :@ba small scale approach / @cCharles F. Wilcox, Jr.
260 0  @aNew York :@bMacmillan ;@aLondon :@bCollier Macmillan,@cc1988.
300    @axix, 491 p. :@bill. ;@c24 cm.
504    @aIncludes bibliographical references and index.
650  0 @aChemistry, Organic@xLaboratory manuals.
920    @a232010@z2
    
    Experimental organic chemistry : : a small scale approach / / Charles F. Wilcox, Jr.-New York : : Macmillan ; ; London : : Collier Macmillan, , c1988.
    xix, 491 p. : : ill. ; ; 24 cm.
    Includes bibliographical references and index.
    
    ISBN 0024276200.
    
●
相关链接 在E读中查询图书 在五车中查询图书 在当当中查询图书 在豆瓣中查询图书


正题名:Experimental organic chemistry     索取号:O62-33/x9         预约/预借

序号 登录号 条形码 馆藏地/架位号 状态 备注
1 184028   000637430   第二样本阅览室/ [索取号:O62-33/x9] 在馆    
2 184029   000637449   第四借阅区/ [索取号:O62-33/x9] 在馆    
唐山师范学院图书馆 欢迎您!
大连网信软件有限公司© 版权所有